MDQL
is popping MORE tags! Check the
thread
!
Quizzes
Events
Quiz Creation
Community
Videos
Private Events
Remove Ads
Sign In
Join for FREE
Feedback
Dark Mode
Quiz Categories
Sports
Geography
Music
Movies
Television
Just For Fun
Miscellaneous
History
Literature
Language
Science
Gaming
Entertainment
Religion
Holiday
For Kids
Quiz Lab
Recent
Popular Today
Quiz Kudos Today
Editor Picks
Curator Picks
Quizzes by...
Day
Popularity
Type
Ratings
Length
Year
Community
Subscriptions
Recent Discussions
Orange Saloon
Badges
Playlists
Quests
Create
Leaderboards
Showdown
Live 5
Trivia Bingo
Activity
Puzzle Library
Sporcle Events
Private Events
Virtual Trivia
Globe League
Become a Host
Pub Owners
SporcleCon
Opinionation
Our Games
Videos
Blog
Mobile Apps
Partnerships
Remove Ads and Go Orange
Feedback
Movies
Disney
Marvel Cinematic Universe
Movie Resume
Movie Titles
Oscar
Actor
Actress
Director
Pixar
Role
Movie Quotes
Movie Characters
Box Office
Nominee
Best Picture
Star Wars
James Bond
Horror Movies
Movies
Disney
Marvel Cinematic Universe
Movie Resume
Movie Titles
Oscar
Actor
Actress
Director
Pixar
Role
Movie Quotes
Movie Characters
Box Office
Nominee
Best Picture
Star Wars
James Bond
Horror Movies
Random Quiz
Search Sporcle
×
Quiz Lab
Quiz Lab
Movies
Movie Characters
Type in answers that appear in a list
Type in answers that appear in a list
Classic
Best Score? Go Orange.
'L' movies by characters Stats
Can you name the movies (beginning with L) when given 3 of the characters?
By
the_reflex
10m
24 Questions
352 Plays
352 Plays
352 Plays
Comments
Comments
Give Quiz Kudos
Give Quiz Kudos
-
- Ratings
hide this ad
More Info
Replay
Link that replays current quiz
Next Quiz
Link to next quiz in quiz playlist
You Got
0%
They Got
Avg Score
43%
Avg Friend Score
Upgrade to see
Score Distribution
Jump to the score distribution portion of the page
Score
0/24
Timer
10:00
0
Plays Today
Characters
Movie Title
% Correct
Simba*, Nala*, Pumbaa*
The Lion King
98.6%
Ariel*, Eric*, Ursula*
The Little Mermaid
93.5%
Frodo Baggins*, Legolas Greenleaf*, Sauron*
The Lord of the Rings: The Fellowship of the Ring
92.3%
T.E. Lawrence, Prince Faisal, Auda abu Tayi
Lawrence of Arabia
65.6%
Martin Riggs, Roger Murtaugh, Mr. Joshua
Lethal Weapon
65.6%
Det. John McClane, Thomas Gabriel, Matthew Farrell
Live Free or Die Hard
63.4%
Littlefoot*, Cera*, Ducky*
The Land Before Time
63.1%
James Bond, Kananga, Solitare
Live and Let Die
61.9%
Allan Quartermain, Captain Nemo, Dr. Henry Jekyll
The League of Extraordinary Gentlemen
57.1%
Darling*, Jock*, Aunt Sarah*
Lady and the Tramp
49.4%
Dottie Hinson, Jimmy Dugan, Kit Keller
A League of Their Own
46.9%
Alex West, Lord Richard Croft, Manfred Powell
Lara Croft: Tomb Raider
40.6%
Characters
Movie Title
% Correct
Olive Hoover, Frank Ginsberg, Grandpa Edwin Hoover
Little Miss Sunshine
33.8%
Fletcher Reede, Samantha Cole, Max Reede
Liar Liar
30.7%
Brian Cohen, Reg, Simon the Holy Man
Life of Brian
30.4%
Sarah Williams, Jareth*, Hoggle*
Labyrinth
29.5%
Seymour Krelborn, Audrey Fulquard, Orin Scrivello
Little Shop of Horrors
22.2%
Susie Salmon, George Harvey, Jack Salmon
The Lovely Bones
20.2%
Mollie Jensen, James Ubriacco, Mikey Jensen
Look Who's Talking
17.9%
Jack Slater, John Practice, Danny Madigan
Last Action Hero
17.6%
Michael Emerson, David, Star
The Lost Boys
17%
Ben Sanderson, Sera, Yuri Butso
Leaving Las Vegas
13.6%
Soap, Bacon, Big Chris
Lock, Stock, and Two Smoking Barrels
13.6%
Tristan Ludlow, Susannah Fincannon, Col. William Ludlow
Legends of the Fall
13.1%
Quiz Playlist
Details
Report
Send in Message
Add To Playlist
More Info:
*indicates an animated or nonhuman character.
Classic:
Type in answers that appear in a list
Quiz Source
Last Updated: Feb 16, 2017
Quiz Scoreboard
CHALLENGE
Sign Up to Join the Scoreboard
Show All
Scores
Hide
Comments
May contain spoilers
Recently Published
Two Season TV Shows II
by 123Four
Television
10m
Image Sorting: Flags VI
by Barbecue
Geography
2m
Find the 'City' Movie
by crazypaving
Movies
60s
More to Explore
Quiz From the Vault
Featured Blog Post
14 Easter Pick-up Lines to Find Eggs With
hide this ad
You Might Also Like...
Tags
Movie Characters Quiz
Starts With
Today's Top Quizzes in Movies
Browse Movies
hide this ad
Today's Top Quizzes in Movie Characters
Browse Movie Characters
Top Contributed Quizzes in Movies
1
Find The 'Big' Movie
2
The ultimate James Bond movie quiz
3
Find The 'Wild' Movie
4
Find The 'Blue' Movie
5
Movies By Plot
6
Hidden Star Wars Character II
7
Pick 5 Posters: Directed by Spielberg
8
Hidden Star Wars Character III
9
Hidden Star Wars Character IV
10
25 Best Actor Nominees (1990s)
Explore More
Trending Topics
Anime
Kpop
NBA
Harry Potter
Disney
Marvel
Crossword
NFL
WWE
Song
Country
Puzzle
The Office
Soccer
Pokémon
hide this ad
More By:
the_reflex
Quiz
Plays
Rating
Category
Featured
Created
TV Family Surnames
46,098
4.42
Television
Nov 16, 2012
'G' movies by characters
684
4.27
Movies
Jul 19, 2011
'M' movies by characters
615
4.62
Movies
Aug 17, 2011
'S' movies by characters
514
4.11
Movies
Aug 31, 2011
'H' movies by characters
496
4.60
Movies
Jul 25, 2011
Go to Creator's Profile
Score Distribution
Quiz Creator Spotlight
the_reflex
Follow
Send a Message
Quizzes Created
-
Created Quiz Play Count
-
More By This Creator
Popular Quizzes Today
1
Colored Red Africa Blitz
2
Find the US States - No Outlines Minefield
3
Find the 'City' Movie
4
5x2 Blitz: Bands
5
The Countries of the World
6
Find the US States
7
Find the Countries of Europe - No Outlines Minefield
8
US States
More Movies Quizzes
Movie Pets II
Published
Trending Quizzes
Colored Red Europe Blitz I
Colored Red Africa Blitz II
Colored Red Europe Blitz II
Colored Red Africa Blitz III
Colored Red Europe Blitz III
Recently Updated
How Do You Spell That?
pecheneg
Godzilla Movies
pecheneg
Grab Bag: 4-10 Letters
pecheneg
2024 March Madness Bracket
pecheneg
Famous TV Couples
Peacemaker
Champions League XIs: Real Madrid
pecheneg
Largest US Cities 1790-2010
pecheneg
Rides in Walt Disney World
pecheneg
Most Oscar Losses (Acting)
pecheneg
Beyoncé Albums
pecheneg
Trending Topics
Kpop
Disney
Crossword
Marvel
NBA
Anime
Harry Potter
WWE
Country
Puzzle
Pokémon
Soccer
The Office
NFL
Song
Your Account Isn't Verified!
In order to create a playlist on Sporcle, you need to verify the email address you used during registration. Go to your
Sporcle Settings
to finish the process.
Report this User
Report this user for behavior that violates our
Community Guidelines
.
Details:
Send Report
Go to the Sporcle.com Mobile Site →
Comments